Papermaking terms

Hay třminos relacionados con la preparacin̤ de pulpa, componentes bs̀icos de una mq̀uina de papel, třminos de propiedades mecǹicas, propiedades p̤ticas, y otros.

Uloženo v:
Podrobná bibliografie
Další autoři: Jensen Barker
Médium: Kniha
Jazyk:angličtina
Témata:
On-line přístup:Papermaking terms
Tagy: Přidat tag
Žádné tagy, Buďte první, kdo vytvoří štítek k tomuto záznamu!

MARC

LEADER 00000nam a22000004a 4500
001 vpro1370
005 20201223000000.0
008 120810s2006 ck # g## #001 0#eng#d
020
022
040 |a CO-BoINGC 
041 0 |a eng 
245 1 0 |a Papermaking terms 
246 |a Třminos de fabricacin̤ de papel 
264 |a Bogot ̀(Colombia) :  |b Revista VirtualPRO,  |c 2006 
520 3 |a Hay třminos relacionados con la preparacin̤ de pulpa, componentes bs̀icos de una mq̀uina de papel, třminos de propiedades mecǹicas, propiedades p̤ticas, y otros. 
650 \ \ |a Industria del papel 
650 \ \ |a Industria de los productos en papel 
650 \ \ |a Industria de la pulpa de madera 
650 \ \ |a Procesos industriales 
650 \ \ |a Paper industry 
650 \ \ |a Paper productos industry 
650 \ \ |a Wood pulp industry 
650 \ \ |a Industrial processes 
650 \ \ |a Comercio del papel 
650 \ \ |a Industria papelera 
650 \ \ |a Papelera̕s 
650 \ \ |a Paper trade 
650 \ \ |a Paper industry 
650 \ \ |a Stationery  
700 \ \ |a Jensen Barker 
856 |z Papermaking terms  |u https://virtualpro.unach.elogim.com/biblioteca/terminos-de-fabricacion-de-papel